000 00348nam a22001457a 4500
003 OSt
005 20160727222357.0
008 160622b xxu||||| |||| 00| 0 eng d
040 _cTEST
100 _9576
_aCarson, R
245 _aThe Edge of the Sea
260 _aBoston
_bHoughton Miffin Com
_c1955
300 _aThe Edge of the Sea
942 _2ddc
_cBK
999 _c478
_d478